Name the country from the player - Statistics

General Stats
  • This quiz has been taken 19 times
  • The average score is 15 of 50
Answer Stats
Picture Answer % Correct
Japan
89%
Belgium
79%
Czechia
79%
Ghana
79%
Uruguay
79%
Croatia
74%
Wales
74%
South Korea
68%
Argentina
63%
Armenia
63%
Ukraine
58%
Scotland
47%
Cameroon
42%
Egypt
42%
Sweden
42%
Austria
37%
Canada
37%
Poland
37%
Finland
32%
Senegal
32%
Colombia
26%
Mexico
26%
Nigeria
26%
USA
26%
Algeria
21%
Ireland
21%
Serbia
21%
Albania
16%
Australia
16%
Denmark
16%
Dominican Republic
16%
Greece
16%
Russia
16%
Central African Republic
11%
Ecuador
11%
India
11%
Iran
11%
Kenya
11%
Romania
11%
Costa Rica
5%
Jamaica
5%
Benin
0%
Brazil
0%
Curacao
0%
Gabon
0%
Grenada
0%
Guyana
0%
Ivory Coast
0%
Peru
0%
Togo
0%
No matching quizzes found
Score Distribution
Percent of People with Each Score
Percentile by Number Answered
Your Score History
You have not taken this quiz